| 000 | 00640nam a2200157 a 4500 | ||
|---|---|---|---|
| 001 | 000039991 | ||
| 005 | 20201002033842.0 | ||
| 008 | 130802s2010 mx 000 0 spa d | ||
| 020 | _a9786070212307 | ||
| 040 |
_aDO-SdBNP _bspa _cBNPHU |
||
| 100 | 1 |
_aGlantz, Margo _966217 |
|
| 245 | 1 | 0 |
_aJosé Gorostiza y Juan Rulfo : _bdiscurso de ingreso a la Academia Mexicana de la Lengua,21 de noviembre de 1996 / _cMargo Glantz ; respuesta de Carlos Montemayor. |
| 260 |
_aMéxico : _bDirección General de Publicaciones y Fomento Editorial : _bAcademia Mexicana de la Lengua, _c2010. |
||
| 300 |
_a82 p. ; _c18 cm. |
||
| 700 | 1 |
_aMontemayor, Carlos _933611 |
|
| 999 |
_c39481 _d39481 |
||